000 00670nam a2200169Ia 4500
003 GCL
008 140319s9999 xx 000 0 ara d
040 _aGCL /
_cGCL
082 0 4 _a956.904
_bم و
100 1 _aمؤسسة الدراسات الفلسطينية
245 1 0 _aوثائق مقاومة الضفة الغربية للاردن للاحتلال الاسرائيلى 1967 /
_cمؤسسة الدراسات الفلسطينية
260 _a[S.N] :
_bمؤسسة الدراسات الفلسطينية
300 _a128 ص
490 _aسلسلة الوثائق الاساسية
_v0
650 0 4 _aالنزاع العربى الاسرائيلى
942 _2ddc
_cBK
999 _c54435
_d54435